000 00520nam a2200169 4500
001 112474
003 ES-MaACL
005 20251122063121.0
007 t|
008 061121s1914 sp r ||||1| spa d
100 1 _aOrtega Munilla, José,
_d1856-1922
_987477
245 1 3 _aEl paño pardo
_b: crónica de un villorrio en 1890 /
_cJosé Ortega Munilla.
260 _aMadrid :
_bSociedad Española de Librería,
_c1914.
300 _a488 p. ;
_c19 cm.
852 _aES-MaACL
_jD-1262
999 _c112474
_d112474